| Record ID | ia:shadowvalley00barn |
| Source | Internet Archive |
| Download MARC XML | https://archive.org/download/shadowvalley00barn/shadowvalley00barn_marc.xml |
| Download MARC binary | https://www.archive.org/download/shadowvalley00barn/shadowvalley00barn_meta.mrc |
LEADER: 00818cam a2200265 a 4500
001 2009006474
003 DLC
005 20090716135902.0
008 090218s2009 nyub 000 1 eng
010 $a 2009006474
020 $a9780345459039 (alk. paper)
020 $a0345459032 (alk. paper)
035 $a(OCoLC)ocn262433300
040 $aDLC$cDLC$dBTCTA$dYDXCP$dC#P$dBWX$dCDX$dVP@$dCQU$dDLC
043 $af-tz---
050 00 $aPS3552.A6954$bS47 2009
082 00 $a813/.54$222
100 1 $aBarnes, Steven,$d1952-
245 10 $aShadow Valley /$cSteven Barnes.
250 $a1st ed.
260 $aNew York :$bDel Rey/Ballantine Books,$cc2009.
300 $a254 p. :$bmaps ;$c25 cm.
500 $aSequel to: Great Sky Woman. c2006.
650 0 $aPrehistoric peoples$zTanzania$vFiction.
655 7 $aFantasy fiction.$2gsafd